| 000 | 00530nam a2200229 4500 | ||
|---|---|---|---|
| 005 | 20241105120232.0 | ||
| 008 | 160125b xxu||||| |||| 00| 0 spa d | ||
| 020 | _a9788445000182 | ||
| 041 | _aESP | ||
| 082 | _a823.92 M817c | ||
| 100 |
_aMoody, David _92223 |
||
| 245 | _aCiudad zombie | ||
| 260 | _aEspaña | ||
| 260 | _bPlaneta | ||
| 260 | _c2011 | ||
| 300 | _a309 páginas | ||
| 650 | _aLITERATURA INGLESA | ||
| 650 | _aNOVELA INGLESA | ||
| 650 | _aLITERATURA DE FICCIÓN | ||
| 650 | _aTERROR | ||
| 942 |
_cLIT _2ddc |
||
| 999 |
_c7509 _d7509 |
||